Filme der 90er nach Werbeslogans - Statistiken

Allgemein
  • Dieses Quiz wurde 36 mal gespielt
    9 seit der letzten Aktualisierung
  • Das Durchschnittsergebnis liegt bei 6 aus 17
Antwortstatistiken
Jahr Slogan Film % Korrekt
1995 Houston, wir haben ein Problem. Apollo 13
67%
1994 Das Leben ist wie eine Schachtel Pralinen, man weiß nie was man bekommt. Forrest Gump
67%
1993 Ein Abenteuer, das vor 65 Millionen Jahren begann. Jurassic Park
67%
1995 Sieben Todsünden. Sieben Wege zu sterben. Sieben Wege zu töten. Sieben
67%
1999 Nach Jahrtausenden öffneten sie sein Grab. Aber sie konnten nicht ahnen, was passieren würde... Die Mumie
50%
1998 Endlich mal ein Doc, der seine Patienten wirklich versteht. Dr. Dolittle
50%
1996 Wir haben immer geglaubt, wir wären nicht allein. Schon bald wünschen wir, wir wären es. Independence Day
50%
1993 Sie kocht. Sie putzt. Sie liest Gutenachtgeschichten vor. Sie ist eine Perle... in Verkleidung. Mrs. Doubtfire - Das stachelige Kindermädchen
50%
1990 Sie kam von der Straße, trat in sein Leben und eroberte sein Herz. Pretty Woman
33%
1992 Nie darfst du sie aus den Augen lassen. Nie darfst du dich sicher fühlen. Nie darfst du dich verlieben. Bodyguard
17%
1995 Seine Leidenschaft bezauberte eine Frau. Sein Mut eroberte ein Land. Sein Herz trotzte dem König. Braveheart
17%
1995 Wenn der Würfel rollt, spielt die Welt verrückt! Jumanji
17%
1993 Wer nur ein Menschenleben rettet, rettet die ganze Welt. Schindlers Liste
17%
1993 Für ihn ist heute gestern. Und morgen auch. Und täglich grüßt das Murmeltier
17%
1998 Morgen schon was vor? Vergiss es! Armageddon - Das jüngste Gericht
0%
1995 Fünf Kriminelle. Eine Gegenüberstellung. Kein Zufall. Die üblichen Verdächtigen
0%
1999 Nicht jede Gabe ist ein Segen. The Sixth Sense
0%
Keine übereinstimmenden Quizze gefunden
Verteilung der Resultate
Anzahl Personen mit jedem Resultat
Perzentil nach korrekt beantworteten Fragen
Ihre Resultats-Entwicklung
Sie haben dieses Quiz seit der letzten Aktualisierung nicht gespielt